| Tag |
First Indicator |
Second Indicator |
Subfields |
| LEADER |
00000cam a2200000Ii 4500 |
| 001 |
in00004059113 |
| 005 |
20190430091525.0 |
| 008 |
190404s1994 nyuc 000 0 eng d |
| 035 |
|
|
|a (OCoLC)on1091588477
|
| 040 |
|
|
|a TXA
|b eng
|e rda
|c TXA
|
| 035 |
|
|
|a (OCoLC)1091588477
|
| 090 |
|
|
|a PN2287.V39
|b I5 1994
|
| 049 |
|
|
|a TXAM
|
| 245 |
0 |
0 |
|a In memoriam :
|b Ron Vawter, December 9, 1948-April 16, 1994.
|
| 264 |
|
1 |
|a [New York, New York?] :
|b [publisher not identified],
|c [1994]
|
| 264 |
|
3 |
|a [New York, New York] :
|b Philip Morris Companies Inc.
|
| 300 |
|
|
|a 1 folded sheet (4 panels) :
|b portrait ;
|c 18 cm
|
| 336 |
|
|
|a text
|b txt
|2 rdacontent
|
| 337 |
|
|
|a unmediated
|b n
|2 rdamedia
|
| 338 |
|
|
|a sheet
|b nb
|2 rdacarrier
|
| 520 |
|
|
|a Program, June 20, 1994, Webster Hall, New York City.
|
| 500 |
|
|
|a Photographic portrait by James Hamilton.
|
| 500 |
|
|
|a The Cushing Library/Women & Gender Studies copy was acquired as part of The Don Kelly Research Collection of Gay Literature and Culture.
|5 TXA
|
| 541 |
0 |
|
|a Donated by Don Kelly
|d 20190226
|
| 600 |
1 |
0 |
|a Vawter, Ron
|x Death and burial.
|
| 650 |
|
0 |
|a Gay motion picture actors and actresses.
|
| 655 |
|
7 |
|a Memorial service programs.
|2 lcgft
|
| 994 |
|
|
|a C0
|b TXA
|
| 948 |
|
|
|a cataloged
|b h
|c 2019/4/4
|d o
|e nbehmer
|f 12:15:39 pm
|
| 999 |
f |
f |
|s 49f960dc-a223-3311-8ac1-6aa7777bd55a
|i 9809c6e2-fb60-3bf1-bdc3-6707b1cd1ffc
|t 0
|
| 952 |
f |
f |
|p noncirc
|a Texas A&M University
|b College Station
|c Cushing Memorial Library & Archives
|d Cushing: Women & Gender Studies (Does not check out)
|t 0
|e PN2287.V39 I5 1994
|f Vertical file
|h Library of Congress classification
|i unmediated -- sheet
|
| 998 |
f |
f |
|a PN2287.V39 I5 1994
|t 0
|l Cushing: Women & Gender Studies (Does not check out)
|